000 01683nam0a22003131 4500
001 rc\3513830
005 20130115142737.4
021 _aRU
_b[73-59919]
035 _a(NLR Aleph) 007658583
090 _a6306906
_c6306906
100 _a20130115d1973 |||y0rusy50 ca
101 0 _arus
102 _aRU
105 _ay z |||||
200 1 _aСовременные методы очистки дымовых газов от сернистого ангидрида и их экономика
_fЮ.Н. Бродский, К.В. Балычева, Р.Н. Бродецкая
_gМ-во нефтеперерабатывающей и нефтехим. пром-сти СССР. Всесоюз. объединение "Нефтехим". Центр. науч.-исслед. ин-т информации и техн.-экон. исследований нефтеперерабатывающей и нефтехим. пром-сти
210 _aМосква
_cЦНИИТЭнефтехим
_d1973
215 _a89 с.
_d21
225 1 _a[Тематические обзоры]
_iСерия "Промышленная и санитарная очистка газов"
_fГос. науч.-исслед. ин-т по пром. и сан. очистке газов
300 _aНа обл. авт. не указаны
320 _aСписок лит.: с. 84 (88 назв.)
606 _aДымовые газы
_xОбессеривание
_2psbo
700 1 _aБродский
_bЮ. Н.
701 1 _aБалычева
_bК. В.
701 1 _aБродецкая
_bР. Н.
801 0 _aRU
_bNLR
_gpsbo
801 1 _aRU
_bELAR
_2rusmarc
852 _aNLR
_j73-4/22704
942 _cBOOK
980 _aNB